Score 0/24 Timer 03:00
0 Plays Today
Movie Word % Correct
How the ______ Stole ChristmasGrinch
96.4%
____ the HallsDeck
95.9%
I'll Be ____ for Christmas Home
95.9%
Home Alone 2: Lost In New ____York
94.4%
It's a Wonderful ____Life
94.3%
_______ the Red-Nosed ReindeerRudolph
93.9%
The _____ ExpressPolar
93.9%
_______ on 34th StreetMiracle
93.1%
A Charlie _____ ChristmasBrown
92.5%
Bad _____Santa
92%
National Lampoon's Christmas ________Vacation
88%
______ All the WayJingle
87.1%
Movie Word % Correct
The Shop ______ the CornerAround
86.5%
The _________ Before ChristmasNightmare
85.5%
_____ ChristmasWhite
84.2%
____ ChristmasesFour
73.9%
Babes in _______Toyland
72.4%
Christmas with the ______Kranks
71%
Christmas with a _______ CCapital
67.7%
Holiday ___Inn
67.7%
____ Magic ChristmasOne
40.2%
The Santa Clause 3: The _______ ClauseEscape
39.2%
___ Without ChinaXmas
24.8%
_______ MinorsUnaccompanied
23.4%

Today's Daily Dose

Remove Ads.
Support Sporcle.
Get the best of Sporcle when you Go Orange. This ad-free experience offers more features, more stats, and more fun while also helping to support Sporcle. Thank you for becoming a member.

You're not logged in!

Compare scores with friends on all Sporcle quizzes.
OR
Log In

Show Comments

Extras

Top Quizzes Today


Score Distribution

Your Account Isn't Verified!

In order to create a playlist on Sporcle, you need to verify the email address you used during registration. Go to your Sporcle Settings to finish the process.

Report this User

Report this user for behavior that violates our Community Guidelines.

Details: